书目信息 |
| 题名: |
机械设计基础知识要点与习题解析
|
|
| 作者: | 王世刚 , 古乐 , 郑徳志 主编 | |
| 分册: | ||
| 出版信息: | 北京 国防工业出版社 2008.09 |
|
| 页数: | 218页 | |
| 开本: | 26cm | |
| 丛书名: | ||
| 单 册: | ||
| 中图分类: | TH122 | |
| 科图分类: | ||
| 主题词: | 机械设计--ji xie she ji--高等学校--教学参考资料 | |
| 电子资源: | ||
| ISBN: | 978-7-118-05887-1 | |
| 000 | 01030nam0 2200277 450 | |
| 001 | 012009432640 | |
| 005 | 20091011141801.21 | |
| 010 | @a978-7-118-05887-1@dCNY23.00 | |
| 100 | @a20091011d2008 em y0chiy0120 ea | |
| 101 | 0 | @achi |
| 102 | @aCN@b110000 | |
| 105 | @aa a 000yy | |
| 106 | @ar | |
| 200 | 1 | @a机械设计基础知识要点与习题解析@Aji xie she ji ji chu zhi shi yao dian yu xi ti jie xi@f王世刚, 古乐, 郑徳志主编@Fwang shi gang,gu yue,zheng de zhi zhu bian |
| 210 | @a北京@c国防工业出版社@d2008.09 | |
| 215 | @a218页@c图@d26cm | |
| 300 | @a高等院校经典教材配套辅导书 | |
| 320 | @a有书目 (第218页) | |
| 330 | @a本书主要内容包括:平面机构的自由度和速度分析,平面连杆机构,凸轮机构,齿轮机构,轮系,间歇运动机构,机械运动速度波动的调节等。 | |
| 606 | 0 | @a机械设计@Aji xie she ji@x高等学校@j教学参考资料 |
| 690 | @aTH122@v4 | |
| 701 | 0 | @a王世刚@Awang shi gang@4主编 |
| 701 | 0 | @a古乐@Agu yue@4主编 |
| 701 | 0 | @a郑徳志@Azheng de zhi@4主编 |
| 801 | 0 | @aCN@bQSSK@c20091011 |
| 905 | @b761566-68@dTH122@eW341@f3 | |
| 机械设计基础知识要点与习题解析/王世刚, 古乐, 郑徳志主编.-北京:国防工业出版社,2008.09 |
| 218页:图;26cm |
| 高等院校经典教材配套辅导书 |
| ISBN 978-7-118-05887-1:CNY23.00 |
| 本书主要内容包括:平面机构的自由度和速度分析,平面连杆机构,凸轮机构,齿轮机构,轮系,间歇运动机构,机械运动速度波动的调节等。 |
| ● |
| 相关链接 |
|
|
|
正题名:机械设计基础知识要点与习题解析
索取号:TH122/W341
 
预约/预借
| 序号 | 登录号 | 条形码 | 馆藏地/架位号 | 状态 | 备注 |
| 1 | 761566 | 207615669 | 自科库501/501自科库 34排1列1层/ [索取号:TH122/W341] | 在馆 | |
| 2 | 761567 | 207615678 | 自科二线400A/400A自科库 31排2列1层/ [索取号:TH122/W341] | 在馆 | |
| 3 | 761568 | 207615687 | 自科库501/501自科库 34排1列1层/ [索取号:TH122/W341] | 在馆 |